000 01457nam0a22003611 4500
001 v19\rc\1894710
005 20251118180509.9
035 _a(NLR Aleph) 004989831
090 _a6274085
_c6274085
100 _a20080221d1911 u y0rusy50 ca
101 1 _arus
_cger
102 _aRU
105 _aa z |||||
200 1 _aЭлектромагнитые колебания и волны
_eАвториз. пер. с нем. под ред. лаборанта Моск. техн. училища Б.С. Швецова
_fД-р И. ф. Гейтлер, орд. проф. физики Черновицк. ун-та
_gС предисл. и доп. авт. к рус. изд.
210 _aМосква
_cСоврем. пробл.
_d1911
215 _a223 с.
_cил.
_d17
320 _aБиблиогр.: с. 209-216
700 1 _6z01790
_aГейтлер
_bИ. фон
_gИозеф фон
702 1 _aШвецов
_bБ.С.
_f1880-1942
_gБорис Сергеевич
_4340
790 1 _6z01700
_aГейтлер фон Арминген
_bИ.К.Ф.О.
_gИозеф Карл Франц Отто
790 0 _6z01700
_aАрминген
801 0 _aRU
_bNLR
_gpsbo
801 0 _aRU
_bRuMoRGB
_2psbo
801 1 _aRU
_bProSoft-M
_2rusmarc
852 _aNLR
_j128/2269
899 _aRuMoRGB
_jV 12/1436
899 _aRuMoRGB
_jU 31/964
899 _aRuMoRGB
_jU 171/434
899 _aБАН
899 _aНБ СПбГУ
899 _aНБ МГУ
942 _cBOOK
980 _aNB